[Event "CECLUB Segunda División"]
[Site "Linares"]
[Date "2017.08.10"]
[Round "4"]
[White "Lopez Quevedo, Eduardo"]
[Black "Abal Cores, Lucas"]
[Result "0-1"]
[Board "2"]
[WhiteElo "2165"]
[WhiteCountry "ESP"]
[WhiteFideId "2277611"]
[WhiteEloChange "-7"]
[BlackTitle "FM"]
[BlackElo "2285"]
[BlackCountry "ESP"]
[BlackFideId "22217975"]
[BlackEloChange "7"]

1. Nf3 {[%clk 1:30:55]} Nf6 {[%clk 1:30:48]} 2. d4 {[%clk 1:31:04]} e6 {[%clk
1:31:01]} 3. Bf4 {[%clk 1:30:58]} b6 {[%clk 1:30:30]} 4. e3 {[%clk 1:30:37]} Bb7
{[%clk 1:30:46]} 5. Bd3 {[%clk 1:29:11]} Be7 {[%clk 1:30:05]} 6. h3 {[%clk
1:29:16]} O-O {[%clk 1:30:05]} 7. Nbd2 {[%clk 1:27:37]} c5 {[%clk 1:30:23]} 8. c3
{[%clk 1:26:45]} cxd4 {[%clk 1:30:09]} 9. exd4 {[%clk 1:26:35]} d6 {[%clk
1:30:26]} 10. O-O {[%clk 1:21:20]} Nbd7 {[%clk 1:28:38]} 11. Qe2 {[%clk 1:15:00]}
Re8 {[%clk 1:21:20]} 12. Bh2 {[%clk 1:07:33]} Qc7 {[%clk 1:18:13]} 13. Rfe1
{[%clk 1:04:40]} Rac8 {[%clk 1:16:36]} 14. a4 {[%clk 1:02:27]} Qb8 {[%clk
1:09:48]} 15. a5 {[%clk 0:57:43]} Bd8 {[%clk 1:07:39]} 16. Nc4 {[%clk 0:44:35]}
Bc7 {[%clk 1:01:42]} 17. axb6 {[%clk 0:41:17]} axb6 {[%clk 1:01:35]} 18. Nfd2
{[%clk 0:38:38]} e5 {[%clk 0:53:04]} 19. dxe5 {[%clk 0:36:38]} d5 {[%clk
0:52:48]} 20. Ne3 {[%clk 0:35:36]} Nxe5 {[%clk 0:51:32]} 21. Bxe5 {[%clk
0:34:55]} Bxe5 {[%clk 0:51:03]} 22. Bb5 {[%clk 0:33:55]} Re6 {[%clk 0:44:55]} 23.
Nf3 {[%clk 0:28:47]} Rd8 {[%clk 0:36:24]} 24. Ra4 {[%clk 0:24:44]} Bf4 {[%clk
0:30:24]} 25. Nd4 {[%clk 0:24:24]} Re4 {[%clk 0:25:40]} 26. Qf3 {[%clk 0:22:39]}
Bh2+ {[%clk 0:22:05]} 27. Kh1 {[%clk 0:22:01]} Rf4 {[%clk 0:22:33]} 28. Qe2
{[%clk 0:19:22]} Ne4 {[%clk 0:22:03]} 29. Rf1 {[%clk 0:10:58]} Rxf2 {[%clk
0:22:10]} 30. Qxf2 {[%clk 0:10:41]} Nxf2+ {[%clk 0:22:38]} 31. Rxf2 {[%clk
0:11:06]} Be5 {[%clk 0:20:05]} 32. Nef5 {[%clk 0:11:26]} Bf6 {[%clk 0:19:04]} 33.
Re2 {[%clk 0:09:08]} Kf8 {[%clk 0:19:00]} 34. Ne3 {[%clk 0:06:01]} h5 {[%clk
0:16:18]} 35. Nf1 {[%clk 0:06:07]} g6 {[%clk 0:16:04]} 36. Nd2 {[%clk 0:05:55]}
Kg7 {[%clk 0:13:21]} 37. N2f3 {[%clk 0:06:00]} Qc7 {[%clk 0:13:30]} 38. Ra1
{[%clk 0:05:27]} Bc8 {[%clk 0:12:35]} 39. Nc6 {[%clk 0:03:43]} Rd6 {[%clk
0:10:33]} 40. Ra7 {[%clk 0:03:47]} Bb7 {[%clk 0:11:02]} 41. Ncd4 {[%clk 0:04:00]}
Qb8 {[%clk 0:09:45]} 42. Ra1 {[%clk 0:04:26]} Bxd4 {[%clk 0:10:07]} 43. Nxd4
{[%clk 0:04:46]} Rf6 {[%clk 0:10:29]} 44. Rae1 {[%clk 0:03:41]} Bc8 {[%clk
0:08:27]} 45. Re8 {[%clk 0:03:03]} Qg3 {[%clk 0:08:11]} 46. R1e3 {[%clk 0:02:36]}
Qf4 {[%clk 0:06:16]} 47. Re1 {[%clk 0:01:54]} Bf5 {[%clk 0:05:53]} 48. Rf1 {[%clk
0:01:33]} Qh4 {[%clk 0:03:20]} 49. Be2 {[%clk 0:00:50]} Be4 {[%clk 0:02:56]} 50.
Rxf6 {[%clk 0:01:08]} Qxh3+ {[%clk 0:03:15]} 0-1

[Event "CECLUB Segunda División"]
[Site "Linares"]
[Date "2017.08.10"]
[Round "4"]
[White "Torrado Quintela, Julio"]
[Black "Moreno Valero, Ivan"]
[Result "1/2-1/2"]
[Board "3"]
[WhiteElo "2201"]
[WhiteCountry "ESP"]
[WhiteFideId "2218496"]
[BlackElo "2204"]
[BlackCountry "ESP"]
[BlackFideId "22286349"]

1. e4 {[%clk 1:30:55]} c5 {[%clk 1:30:53]} 2. Nf3 {[%clk 1:31:03]} d6 {[%clk
1:31:11]} 3. d4 {[%clk 1:30:59]} cxd4 {[%clk 1:31:31]} 4. Nxd4 {[%clk 1:31:17]}
Nf6 {[%clk 1:31:52]} 5. Nc3 {[%clk 1:31:35]} a6 {[%clk 1:32:11]} 6. a4 {[%clk
1:30:44]} e5 {[%clk 1:31:13]} 7. Nf3 {[%clk 1:30:49]} Be7 {[%clk 1:20:25]} 8. Bc4
{[%clk 1:30:16]} O-O {[%clk 1:20:28]} 9. O-O {[%clk 1:26:36]} Nbd7 {[%clk
1:16:55]} 10. a5 {[%clk 1:22:10]} Qc7 {[%clk 1:14:21]} 11. Qe2 {[%clk 1:21:01]}
Nc5 {[%clk 1:12:55]} 12. Bg5 {[%clk 0:57:33]} Ne6 {[%clk 1:04:22]} 13. Bb3 {[%clk
0:47:07]} Nxg5 {[%clk 1:02:23]} 14. Nxg5 {[%clk 0:47:33]} Bg4 {[%clk 0:58:37]}
15. Qe3 {[%clk 0:45:34]} Rac8 {[%clk 0:55:07]} 16. h3 {[%clk 0:44:21]} Bd7 {[%clk
0:52:34]} 17. Nf3 {[%clk 0:41:37]} Qc5 {[%clk 0:51:08]} 18. Qe2 {[%clk 0:38:04]}
Bd8 {[%clk 0:49:38]} 19. Rfd1 {[%clk 0:37:14]} Bxa5 {[%clk 0:47:24]} 20. Nd5
{[%clk 0:35:48]} Bd8 {[%clk 0:47:16]} 21. Nxe5 {[%clk 0:32:44]} Bb5 {[%clk
0:39:47]} 22. Nd3 {[%clk 0:24:06]} Nxd5 {[%clk 0:37:20]} 23. Bxd5 {[%clk
0:17:51]} Qxc2 {[%clk 0:29:16]} 24. Qxc2 {[%clk 0:15:46]} Rxc2 {[%clk 0:29:39]}
25. Bxb7 {[%clk 0:16:05]} Bb6 {[%clk 0:29:32]} 26. Bxa6 {[%clk 0:15:04]} Bxd3
{[%clk 0:29:47]} 27. Rxd3 {[%clk 0:14:55]} Rxf2 {[%clk 0:28:39]} 28. Kh1 {[%clk
0:14:28]} Rxb2 {[%clk 0:25:17]} 29. Rxd6 {[%clk 0:13:37]} Rb4 {[%clk 0:20:02]}
30. Rc6 {[%clk 0:11:29]} g6 {[%clk 0:18:32]} 31. Bc4 {[%clk 0:10:59]} Rd8 {[%clk
0:17:49]} 32. Bd5 {[%clk 0:08:55]} Rd7 {[%clk 0:17:18]} 33. Rc2 {[%clk 0:07:39]}
Kg7 {[%clk 0:17:21]} 34. Rf1 {[%clk 0:08:01]} Bd4 {[%clk 0:16:55]} 35. Rc4 {[%clk
0:07:25]} Rxc4 {[%clk 0:16:30]} 36. Bxc4 {[%clk 0:07:51]} Be5 {[%clk 0:16:54]}
37. Bd5 {[%clk 0:08:15]} h5 {[%clk 0:15:43]} 38. Rb1 {[%clk 0:08:29]} Rc7 {[%clk
0:15:56]} 39. Rf1 {[%clk 0:06:35]} f6 {[%clk 0:16:16]} 40. g4 {[%clk 0:05:20]}
hxg4 {[%clk 0:15:44]} 41. hxg4 {[%clk 0:05:44]} Kh6 {[%clk 0:16:04]} 42. Kg2
{[%clk 0:04:45]} Kg5 {[%clk 0:16:23]} 43. Be6 {[%clk 0:05:08]} Rc3 {[%clk
0:16:16]} 44. Rf3 {[%clk 0:05:04]} Rc1 {[%clk 0:16:00]} 45. Rf1 {[%clk 0:05:21]}
Rc6 {[%clk 0:16:20]} 46. Bd7 {[%clk 0:05:04]} Rc7 {[%clk 0:16:41]} 47. Be6 {[%clk
0:05:29]} Rh7 {[%clk 0:16:47]} 48. Rh1 {[%clk 0:05:41]} Re7 {[%clk 0:17:10]} 49.
Bc8 {[%clk 0:04:57]} Kf4 {[%clk 0:17:21]} 50. Rb1 {[%clk 0:01:59]} Rc7 {[%clk
0:17:33]} 51. Be6 {[%clk 0:02:17]} Rc2+ {[%clk 0:17:28]} 52. Kf1 {[%clk 0:02:09]}
Rh2 {[%clk 0:16:55]} 53. Rb3 {[%clk 0:02:10]} Kxe4 {[%clk 0:16:48]} 54. Bf7
{[%clk 0:02:09]} Kf4 {[%clk 0:16:35]} 55. Bxg6 {[%clk 0:01:47]} Kxg4 {[%clk
0:17:00]} 56. Be4 {[%clk 0:02:02]} f5 {[%clk 0:16:38]} 57. Bb7 {[%clk 0:02:28]}
Rc2 {[%clk 0:15:15]} 58. Bd5 {[%clk 0:02:13]} Bc3 {[%clk 0:14:37]} 59. Rb8 {[%clk
0:01:19]} Bg7 {[%clk 0:06:52]} 60. Rb3 {[%clk 0:01:21]} Be5 {[%clk 0:06:58]} 61.
Be6 {[%clk 0:00:57]} Rc5 {[%clk 0:06:15]} 62. Rb4+ {[%clk 0:00:45]} Bf4 {[%clk
0:05:31]} 63. Rb3 {[%clk 0:01:11]} Bg5 {[%clk 0:05:33]} 64. Kg2 {[%clk 0:01:06]}
Bf4 {[%clk 0:05:12]} 65. Kf1 {[%clk 0:01:22]} Re5 {[%clk 0:05:01]} 66. Bc4 {[%clk
0:01:35]} Be3 {[%clk 0:05:09]} 67. Kg2 {[%clk 0:01:13]} f4 {[%clk 0:05:06]} 68.
Be2+ {[%clk 0:01:24]} Kg5 {[%clk 0:04:30]} 69. Kf3 {[%clk 0:01:23]} Rc5 {[%clk
0:04:26]} 70. Rb5 {[%clk 0:01:46]} Rxb5 {[%clk 0:04:46]} 71. Ke4 {[%clk 0:02:04]}
1/2-1/2

[Event "CECLUB Segunda División"]
[Site "Linares"]
[Date "2017.08.10"]
[Round "4"]
[White "Lopez Quevedo, Angel Carlos"]
[Black "Cruz Alvarez de Ron, Dan"]
[Result "0-1"]
[Board "4"]
[WhiteElo "2136"]
[WhiteCountry "ESP"]
[WhiteFideId "2270005"]
[WhiteEloChange "-10"]
[BlackTitle "FM"]
[BlackElo "2139"]
[BlackCountry "ESP"]
[BlackFideId "2208512"]
[BlackEloChange "10"]

1. d4 {[%clk 1:30:57]} Nf6 {[%clk 1:30:37]} 2. c4 {[%clk 1:31:22]} e5 {[%clk
1:30:56]} 3. dxe5 {[%clk 1:30:31]} Ng4 {[%clk 1:31:08]} 4. Nh3 {[%clk 1:26:29]}
Nxe5 {[%clk 1:31:20]} 5. e3 {[%clk 1:24:18]} d5 {[%clk 1:30:54]} 6. cxd5 {[%clk
1:01:15]} Bxh3 {[%clk 1:31:11]} 7. gxh3 {[%clk 1:01:42]} Nbd7 {[%clk 1:30:21]} 8.
Bg2 {[%clk 0:55:22]} Ng6 {[%clk 1:22:55]} 9. O-O {[%clk 0:43:06]} Nh4 {[%clk
1:19:23]} 10. f4 {[%clk 0:39:02]} Bc5 {[%clk 1:15:27]} 11. Nc3 {[%clk 0:30:00]}
Qe7 {[%clk 1:08:56]} 12. d6 {[%clk 0:21:08]} Bxd6 {[%clk 0:52:01]} 13. Bxb7
{[%clk 0:20:48]} Rb8 {[%clk 0:48:24]} 14. Bf3 {[%clk 0:21:10]} O-O {[%clk
0:47:02]} 15. e4 {[%clk 0:16:45]} Qe6 {[%clk 0:43:54]} 16. Qe1 {[%clk 0:13:42]}
Qxh3 {[%clk 0:41:21]} 17. Qg3 {[%clk 0:14:04]} Nxf3+ {[%clk 0:39:35]} 18. Qxf3
{[%clk 0:14:21]} Bc5+ {[%clk 0:38:51]} 19. Kh1 {[%clk 0:14:28]} Qxf3+ {[%clk
0:38:46]} 20. Rxf3 {[%clk 0:14:48]} Nf6 {[%clk 0:39:06]} 21. Rb1 {[%clk 0:12:44]}
Rfd8 {[%clk 0:38:27]} 22. Kg2 {[%clk 0:05:14]} Rb4 {[%clk 0:34:06]} 23. Be3
{[%clk 0:05:30]} Bxe3 {[%clk 0:34:25]} 24. Rxe3 {[%clk 0:05:53]} Rd2+ {[%clk
0:34:46]} 25. Kg1 {[%clk 0:06:18]} Rbxb2 {[%clk 0:34:24]} 26. Rxb2 {[%clk
0:06:45]} Rxb2 {[%clk 0:34:50]} 27. Rd3 {[%clk 0:05:17]} h5 {[%clk 0:32:32]} 28.
Rd8+ {[%clk 0:05:07]} Kh7 {[%clk 0:32:58]} 29. e5 {[%clk 0:04:20]} Ng4 {[%clk
0:33:10]} 30. Rc8 {[%clk 0:04:07]} h4 {[%clk 0:33:07]} 31. h3 {[%clk 0:03:42]}
Nf2 {[%clk 0:33:19]} 32. Rxc7 {[%clk 0:03:57]} Nxh3+ {[%clk 0:33:41]} 33. Kh1
{[%clk 0:03:58]} Nf2+ {[%clk 0:31:22]} 34. Kh2 {[%clk 0:04:04]} Kg6 {[%clk
0:26:16]} 35. Nd5 {[%clk 0:03:59]} Rxa2 {[%clk 0:26:03]} 36. Rd7 {[%clk 0:01:31]}
Ng4+ {[%clk 0:25:31]} 37. Kg1 {[%clk 0:01:08]} h3 {[%clk 0:25:44]} 38. Ne7+
{[%clk 0:01:34]} Kh5 {[%clk 0:26:01]} 39. Rd1 {[%clk 0:02:02]} h2+ {[%clk
0:26:21]} 0-1

[Event "CECLUB Segunda División"]
[Site "Linares"]
[Date "2017.08.10"]
[Round "4"]
[White "Mascaro March, Pedro"]
[Black "Suarez Garcia, Carlos"]
[Result "0-1"]
[Board "1"]
[WhiteTitle "IM"]
[WhiteElo "2387"]
[WhiteCountry "ESP"]
[WhiteFideId "2217570"]
[WhiteEloChange "-8"]
[BlackTitle "IM"]
[BlackElo "2462"]
[BlackCountry "ESP"]
[BlackFideId "22230858"]
[BlackEloChange "4"]

1. d4 {[%clk 1:30:35]} d6 {[%clk 1:30:51]} 2. Nf3 {[%clk 1:30:19]} g6 {[%clk
1:30:59]} 3. c4 {[%clk 1:30:26]} Bg7 {[%clk 1:31:22]} 4. Nc3 {[%clk 1:30:17]} c5
{[%clk 1:31:46]} 5. d5 {[%clk 1:30:08]} Bxc3+ {[%clk 1:32:10]} 6. bxc3 {[%clk
1:30:33]} f5 {[%clk 1:32:35]} 7. g3 {[%clk 1:30:17]} Qa5 {[%clk 1:32:33]} 8. Qd3
{[%clk 1:13:25]} Nf6 {[%clk 1:30:02]} 9. Bg2 {[%clk 1:04:47]} Nbd7 {[%clk
1:28:03]} 10. O-O {[%clk 1:00:57]} Nb6 {[%clk 1:27:05]} 11. Nd2 {[%clk 0:34:49]}
Bd7 {[%clk 1:27:19]} 12. Re1 {[%clk 0:26:13]} O-O-O {[%clk 1:22:58]} 13. a4
{[%clk 0:23:00]} Rhe8 {[%clk 1:09:14]} 14. e3 {[%clk 0:09:20]} e6 {[%clk
1:07:30]} 15. Rb1 {[%clk 0:06:47]} exd5 {[%clk 0:47:29]} 16. cxd5 {[%clk
0:07:07]} Ne4 {[%clk 0:47:55]} 17. c4 {[%clk 0:02:03]} Qxa4 {[%clk 0:48:07]} 18.
Bf1 {[%clk 0:01:32]} Qa5 {[%clk 0:42:00]} 19. Nxe4 {[%clk 0:00:35]} fxe4 {[%clk
0:38:40]} 20. Bd2 {[%clk 0:00:39]} exd3 {[%clk 0:31:37]} 21. Bxa5 {[%clk
0:01:07]} Nxc4 {[%clk 0:31:59]} 22. Bxd8 {[%clk 0:01:34]} Rxd8 {[%clk 0:32:25]}
23. Bxd3 {[%clk 0:01:50]} Nd2 {[%clk 0:32:49]} 0-1

[Event "CECLUB Segunda División"]
[Site "Linares"]]
[Date "2017.08.10"]
[Round "4"]
[White "Aguera Naredo, Javier"]
[Black "Tattersall Rodriguez, Lester"]
[Result "0-1"]
[Board "2"]
[WhiteTitle "FM"]
[WhiteElo "2386"]
[WhiteCountry "ESP"]
[WhiteFideId "2204169"]
[WhiteEloChange "-13"]
[BlackTitle "FM"]
[BlackElo "2275"]
[BlackCountry "ESP"]
[BlackFideId "2208903"]
[BlackEloChange "13"]

1. e4 {[%clk 1:30:57]} e6 {[%clk 1:29:59]} 2. d4 {[%clk 1:31:17]} d5 {[%clk
1:30:24]} 3. Nd2 {[%clk 1:31:11]} c5 {[%clk 1:30:35]} 4. Ngf3 {[%clk 1:31:24]}
Nf6 {[%clk 1:29:44]} 5. exd5 {[%clk 1:31:29]} Nxd5 {[%clk 1:29:40]} 6. Nb3 {[%clk
1:31:14]} cxd4 {[%clk 1:29:29]} 7. Nbxd4 {[%clk 1:31:39]} a6 {[%clk 1:27:04]} 8.
c4 {[%clk 1:29:55]} Nf6 {[%clk 1:25:20]} 9. Be2 {[%clk 1:22:43]} Bd6 {[%clk
1:20:21]} 10. O-O {[%clk 1:21:45]} h6 {[%clk 1:14:58]} 11. b4 {[%clk 1:17:43]}
O-O {[%clk 1:05:19]} 12. c5 {[%clk 1:16:12]} Bc7 {[%clk 1:05:19]} 13. Bb2 {[%clk
1:16:00]} e5 {[%clk 0:55:03]} 14. Nc2 {[%clk 1:16:05]} Nc6 {[%clk 0:53:12]} 15.
a4 {[%clk 1:01:00]} Qe7 {[%clk 0:41:25]} 16. b5 {[%clk 0:57:40]} Rd8 {[%clk
0:41:31]} 17. Qc1 {[%clk 0:57:23]} Na5 {[%clk 0:38:10]} 18. Rb1 {[%clk 0:43:22]}
axb5 {[%clk 0:34:12]} 19. axb5 {[%clk 0:42:57]} Nb3 {[%clk 0:32:25]} 20. Qe3
{[%clk 0:43:13]} Nxc5 {[%clk 0:32:30]} 21. Nxe5 {[%clk 0:42:27]} Nd5 {[%clk
0:30:57]} 22. Qd4 {[%clk 0:40:20]} f6 {[%clk 0:19:29]} 23. Nd3 {[%clk 0:29:38]}
Nb3 {[%clk 0:16:55]} 0-1

[Event "CECLUB Segunda División"]
[Site "Linares"]
[Date "2017.08.10"]
[Round "4"]
[White "Gaya Llodra, Juan"]
[Black "Alvarez Fernandez, Enrique"]
[Result "0-1"]
[Board "3"]
[WhiteElo "2211"]
[WhiteCountry "ESP"]
[WhiteFideId "2210967"]
[WhiteEloChange "-7"]
[BlackTitle "FM"]
[BlackElo "2310"]
[BlackCountry "ESP"]
[BlackFideId "2227398"]
[BlackEloChange "7"]

1. d4 {[%clk 1:30:30]} Nf6 {[%clk 1:30:45]} 2. Nf3 {[%clk 1:30:35]} d5 {[%clk
1:31:05]} 3. g3 {[%clk 1:30:50]} Bf5 {[%clk 1:31:18]} 4. Bg2 {[%clk 1:31:05]} c6
{[%clk 1:31:21]} 5. O-O {[%clk 1:31:23]} e6 {[%clk 1:31:43]} 6. c4 {[%clk
1:31:46]} Nbd7 {[%clk 1:31:53]} 7. cxd5 {[%clk 1:30:34]} exd5 {[%clk 1:32:15]} 8.
Nc3 {[%clk 1:30:58]} h6 {[%clk 1:31:57]} 9. Ne5 {[%clk 1:31:04]} Be7 {[%clk
1:32:09]} 10. f4 {[%clk 1:31:16]} O-O {[%clk 1:31:45]} 11. g4 {[%clk 1:31:13]}
Bh7 {[%clk 1:31:32]} 12. g5 {[%clk 1:26:53]} hxg5 {[%clk 1:31:55]} 13. fxg5
{[%clk 1:27:21]} Ne8 {[%clk 1:32:10]} 14. g6 {[%clk 1:08:52]} fxg6 {[%clk
1:31:30]} 15. Rxf8+ {[%clk 0:56:07]} Bxf8 {[%clk 1:31:33]} 16. Nf3 {[%clk
0:55:43]} Nd6 {[%clk 1:17:00]} 17. e4 {[%clk 0:37:20]} dxe4 {[%clk 1:11:58]} 18.
Ng5 {[%clk 0:17:49]} Nf6 {[%clk 1:01:29]} 19. Qb3+ {[%clk 0:11:40]} Kh8 {[%clk
1:01:46]} 20. Ncxe4 {[%clk 0:11:48]} Bg8 {[%clk 0:56:18]} 21. Qh3+ {[%clk
0:09:49]} Nh5 {[%clk 0:56:14]} 22. Bf4 {[%clk 0:04:45]} Nf5 {[%clk 0:51:22]} 23.
Rd1 {[%clk 0:04:56]} Nh6 {[%clk 0:48:46]} 24. Be5 {[%clk 0:01:28]} Qc8 {[%clk
0:35:11]} 25. Qd3 {[%clk 0:01:46]} Qg4 {[%clk 0:30:49]} 26. Rf1 {[%clk 0:01:37]}
Be7 {[%clk 0:29:47]} 27. h3 {[%clk 0:01:46]} Qd7 {[%clk 0:29:42]} 28. Bf3 {[%clk
0:00:52]} Rf8 {[%clk 0:28:29]} 29. Bxh5 {[%clk 0:00:40]} Rxf1+ {[%clk 0:25:48]}
30. Qxf1 {[%clk 0:01:03]} gxh5 {[%clk 0:26:08]} 31. Qf3 {[%clk 0:01:21]} Qe8
{[%clk 0:24:08]} 32. Qf4 {[%clk 0:00:39]} Qg6 {[%clk 0:22:03]} 33. b3 {[%clk
0:00:40]} Bd5 {[%clk 0:20:34]} 34. Kh2 {[%clk 0:00:37]} Kg8 {[%clk 0:17:08]} 35.
Qe3 {[%clk 0:00:32]} Nf7 {[%clk 0:15:54]} 36. h4 {[%clk 0:00:31]} Bxg5 {[%clk
0:13:27]} 37. Nxg5 {[%clk 0:00:43]} Qc2+ {[%clk 0:13:33]} 0-1

[Event "CECLUB Segunda División"]
[Site "Linares"]
[Date "2017.08.10"]
[Round "4"]
[White "Arias Torio, Sergio"]
[Black "Castell Cantero, Salvador"]
[Result "0-1"]
[Board "4"]
[WhiteElo "2109"]
[WhiteCountry "ESP"]
[WhiteFideId "2226472"]
[WhiteEloChange "-9"]
[BlackElo "2149"]
[BlackCountry "ESP"]
[BlackFideId "22200754"]
[BlackEloChange "9"]

1. e4 {[%clk 1:30:55]} e6 {[%clk 1:30:51]} 2. d4 {[%clk 1:31:06]} d5 {[%clk
1:31:17]} 3. Nd2 {[%clk 1:31:30]} c5 {[%clk 1:31:33]} 4. exd5 {[%clk 1:31:24]}
exd5 {[%clk 1:32:01]} 5. Bb5+ {[%clk 1:31:43]} Bd7 {[%clk 1:32:11]} 6. Qe2+
{[%clk 1:32:02]} Be7 {[%clk 1:32:04]} 7. dxc5 {[%clk 1:32:14]} Nf6 {[%clk
1:31:30]} 8. Ngf3 {[%clk 1:32:11]} O-O {[%clk 1:31:25]} 9. Nb3 {[%clk 1:32:17]}
Re8 {[%clk 1:29:55]} 10. Be3 {[%clk 1:30:32]} a6 {[%clk 1:26:12]} 11. Bxd7 {[%clk
0:54:22]} Nbxd7 {[%clk 1:26:40]} 12. O-O {[%clk 0:54:41]} Nxc5 {[%clk 1:26:00]}
13. Nfd4 {[%clk 0:54:43]} Qd7 {[%clk 1:20:11]} 14. f3 {[%clk 0:47:59]} Ne6 {[%clk
1:10:29]} 15. Qd2 {[%clk 0:42:07]} Rac8 {[%clk 1:05:51]} 16. Rfe1 {[%clk
0:41:19]} Bd6 {[%clk 1:05:30]} 17. Nf5 {[%clk 0:24:31]} Bb8 {[%clk 1:04:10]} 18.
c3 {[%clk 0:21:41]} Qc7 {[%clk 0:50:59]} 19. Ng3 {[%clk 0:21:42]} Nh5 {[%clk
0:48:12]} 20. Nf1 {[%clk 0:20:56]} Qd8 {[%clk 0:44:48]} 21. Rad1 {[%clk 0:19:13]}
Nf6 {[%clk 0:41:13]} 22. Nd4 {[%clk 0:16:57]} Qd7 {[%clk 0:22:40]} 23. Kh1 {[%clk
0:07:02]} Rcd8 {[%clk 0:19:26]} 24. Re2 {[%clk 0:06:24]} Nh5 {[%clk 0:17:28]} 25.
g3 {[%clk 0:06:01]} Qe7 {[%clk 0:10:31]} 26. Rde1 {[%clk 0:02:53]} Qf6 {[%clk
0:10:30]} 27. Nxe6 {[%clk 0:01:38]} Qxf3+ {[%clk 0:10:05]} 28. Kg1 {[%clk
0:01:42]} Rxe6 {[%clk 0:08:43]} 29. Rf2 {[%clk 0:00:41]} Qg4 {[%clk 0:09:11]} 30.
Bd4 {[%clk 0:00:25]} Rde8 {[%clk 0:07:06]} 31. Rxe6 {[%clk 0:00:40]} fxe6 {[%clk
0:07:35]} 32. Ne3 {[%clk 0:00:59]} Qg6 {[%clk 0:08:03]} 33. Bc5 {[%clk 0:00:35]}
Nf6 {[%clk 0:07:57]} 34. Qd4 {[%clk 0:00:33]} Ne4 {[%clk 0:07:18]} 35. Rf3 {[%clk
0:00:49]} Qh5 {[%clk 0:06:19]} 36. Rf1 {[%clk 0:00:35]} Be5 {[%clk 0:04:25]} 37.
Qd3 {[%clk 0:00:37]} Nxc5 {[%clk 0:04:41]} 0-1

[Event "CECLUB Segunda División"]
[Site "Linares"]
[Date "2017.08.10"]
[Round "4"]
[White "Galindo Rodriguez, Francisco"]
[Black "Montoliu Cervero, Francisco"]
[Result "0-1"]
[Board "1"]
[WhiteElo "2199"]
[WhiteCountry "ESP"]
[WhiteFideId "2220636"]
[WhiteEloChange "-5"]
[BlackTitle "FM"]
[BlackElo "2384"]
[BlackCountry "ESP"]
[BlackFideId "2214814"]
[BlackEloChange "5"]

1. e4 {[%clk 1:30:57]} c5 {[%clk 1:30:42]} 2. Nf3 {[%clk 1:31:07]} d6 {[%clk
1:30:46]} 3. d4 {[%clk 1:31:12]} Nf6 {[%clk 1:30:35]} 4. Nc3 {[%clk 1:31:06]}
cxd4 {[%clk 1:30:57]} 5. Nxd4 {[%clk 1:31:28]} a6 {[%clk 1:30:59]} 6. Bg5 {[%clk
1:30:13]} Nbd7 {[%clk 1:29:52]} 7. f3 {[%clk 1:25:10]} Qc7 {[%clk 1:23:21]} 8.
Qd2 {[%clk 1:23:03]} e6 {[%clk 1:22:56]} 9. Be2 {[%clk 1:19:25]} Be7 {[%clk
1:21:10]} 10. O-O-O {[%clk 1:18:13]} b5 {[%clk 1:17:49]} 11. a3 {[%clk 1:11:52]}
h6 {[%clk 1:06:13]} 12. Be3 {[%clk 1:09:45]} Bb7 {[%clk 1:05:28]} 13. g4 {[%clk
1:07:07]} Ne5 {[%clk 0:55:21]} 14. h4 {[%clk 0:59:53]} Nfd7 {[%clk 0:50:38]} 15.
f4 {[%clk 0:36:26]} Nc4 {[%clk 0:44:36]} 16. Bxc4 {[%clk 0:36:39]} bxc4 {[%clk
0:42:23]} 17. g5 {[%clk 0:28:56]} Nc5 {[%clk 0:39:05]} 18. Qg2 {[%clk 0:27:51]}
hxg5 {[%clk 0:19:19]} 19. hxg5 {[%clk 0:24:55]} Rxh1 {[%clk 0:17:36]} 20. Qxh1
{[%clk 0:23:40]} O-O-O {[%clk 0:14:56]} 21. Qh7 {[%clk 0:19:23]} Bf8 {[%clk
0:14:30]} 22. Nde2 {[%clk 0:18:54]} Qc6 {[%clk 0:12:12]} 23. Rd4 {[%clk 0:13:23]}
d5 {[%clk 0:11:12]} 24. Qg8 {[%clk 0:10:23]} Qe8 {[%clk 0:10:51]} 25. e5 {[%clk
0:09:25]} Nd7 {[%clk 0:09:06]} 26. Rd1 {[%clk 0:09:04]} Bc5 {[%clk 0:09:27]} 27.
Qxe8 {[%clk 0:08:08]} Bxe3+ {[%clk 0:09:50]} 0-1

[Event "CECLUB Segunda División"]
[Site "Linares"]
[Date "2017.08.10"]
[Round "4"]
[White "Nieves Cabanes, Jose Manuel"]
[Black "Arboledas Fernandez, Antonio A."]
[Result "0-1"]
[Board "2"]
[WhiteTitle "FM"]
[WhiteElo "2309"]
[WhiteCountry "ESP"]
[WhiteFideId "22245715"]
[WhiteEloChange "-15"]
[BlackElo "2104"]
[BlackCountry "ESP"]
[BlackFideId "2290219"]
[BlackEloChange "15"]

1. d4 {[%clk 1:30:56]} d5 {[%clk 1:28:38]} 2. c4 {[%clk 1:30:45]} e6 {[%clk
1:26:12]} 3. Nc3 {[%clk 1:31:02]} f5 {[%clk 1:20:21]} 4. Nf3 {[%clk 1:29:05]} Nf6
{[%clk 1:20:07]} 5. Qc2 {[%clk 1:27:34]} c6 {[%clk 1:19:46]} 6. Bf4 {[%clk
1:27:17]} Bd6 {[%clk 1:19:22]} 7. e3 {[%clk 1:24:07]} O-O {[%clk 1:19:09]} 8. Bd3
{[%clk 1:22:57]} Ne4 {[%clk 1:18:18]} 9. O-O {[%clk 1:21:04]} a6 {[%clk 1:18:08]}
10. Bxd6 {[%clk 1:18:57]} Qxd6 {[%clk 1:16:49]} 11. c5 {[%clk 1:13:17]} Qe7
{[%clk 1:13:21]} 12. Ne5 {[%clk 1:11:34]} Nd7 {[%clk 1:13:20]} 13. f4 {[%clk
1:10:27]} Rb8 {[%clk 1:09:56]} 14. Na4 {[%clk 1:03:18]} Nef6 {[%clk 1:02:54]} 15.
b4 {[%clk 1:00:42]} Nxe5 {[%clk 1:02:24]} 16. fxe5 {[%clk 1:00:33]} Ng4 {[%clk
1:02:32]} 17. Rf3 {[%clk 0:56:38]} Bd7 {[%clk 1:02:26]} 18. h3 {[%clk 0:55:43]}
Nh6 {[%clk 1:02:43]} 19. Nb6 {[%clk 0:48:29]} Be8 {[%clk 1:01:58]} 20. a4 {[%clk
0:45:26]} Kh8 {[%clk 1:00:35]} 21. b5 {[%clk 0:43:25]} axb5 {[%clk 0:59:14]} 22.
axb5 {[%clk 0:43:50]} cxb5 {[%clk 0:58:51]} 23. Rb1 {[%clk 0:38:42]} g5 {[%clk
0:57:30]} 24. Bxb5 {[%clk 0:34:49]} Bxb5 {[%clk 0:57:33]} 25. Rxb5 {[%clk
0:35:12]} g4 {[%clk 0:57:42]} 26. Rg3 {[%clk 0:30:55]} f4 {[%clk 0:54:23]} 27.
exf4 {[%clk 0:30:08]} Rxf4 {[%clk 0:54:30]} 28. Qd2 {[%clk 0:27:30]} Rbf8 {[%clk
0:52:17]} 29. Rb1 {[%clk 0:22:26]} Qh4 {[%clk 0:47:06]} 30. Qe3 {[%clk 0:18:18]}
Re4 {[%clk 0:45:10]} 31. Qc3 {[%clk 0:15:34]} gxh3 {[%clk 0:43:38]} 32. Nd7
{[%clk 0:09:02]} Ng4 {[%clk 0:36:57]} 33. gxh3 {[%clk 0:06:19]} Ne3 {[%clk
0:35:44]} 34. Rg2 {[%clk 0:02:00]} Qxh3 {[%clk 0:33:25]} 35. Qd2 {[%clk 0:01:06]}
Rh4 {[%clk 0:33:29]} 36. Nxf8 {[%clk 0:01:12]} Qh1+ {[%clk 0:33:53]} 37. Kf2
{[%clk 0:01:37]} Qxg2+ {[%clk 0:34:18]} 38. Kxe3 {[%clk 0:01:27]} Rh3+ {[%clk
0:34:43]} 0-1